000 00786nam a2200217Ii 4500
003 JO-AjNU
008 230605s9999||||xx |||||||||||||| ||und||
017 _a1987/561
040 _aJO-AjNU
_bara
_erda
_cJO-AjNU
041 _aara
050 1 4 _aPN47.R312 1987
100 3 _aراي، وليم ؛ ترجمة يوئيل يوسف عزيز,
_eauthor
_934928
245 0 0 _aالمعنى الأدبي من الظاهراتية إلى التفكيكية
250 _aط1
264 3 1 _aبغداد: دار المأمون للترجمة والنشر، 1987
300 _a254ص
336 _atext
_btxt
_2rdacontent
337 _aunmediated
_bn
_2rdamedia
338 _avolume
_bnc
_2rdacarrier
650 4 _aالأدب العربي - تاريخ ونقد - الأسلوب الأدبي
_934929
999 _aA14369
_c17937
_d17937